| 000 | 00396nam a22001577a 4500 | ||
|---|---|---|---|
| 003 | SGT | ||
| 020 | _a978-3319197814 | ||
| 082 |
_a617.643 _bT17K |
||
| 100 | _a Sanjivan Kandasamy | ||
| 245 | _aTMD and Orthodontics: A clinical guide for the orthodontist | ||
| 250 | _a1st | ||
| 260 |
_aNEW DELHI _b Springer Publisher _c2015 |
||
| 300 | _a1-148 | ||
| 650 | _aORTHODONTICS | ||
| 942 |
_2ddc _cBK |
||
| 999 |
_c20942 _d20942 |
||